MARC

LEADER 00000nas a2200000 a 4500
001 ssj0000399065
003 WaSeSS
005 20200512172242.0
006 m d
007 cr n
008 020228c20019999fr gr s s i0 0eng c
010 |a  2005242115  |z  2003242219  |z  2002423649 
016 7 |a 101174654  |2 DNLM 
022 |a 1999-1312 
035 |a (WaSeSS)ssj0000399065 
040 |a IL#  |b eng  |c IL#  |d OCL  |d PSM  |d OCLCQ  |d MYG  |d IUL  |d NLM  |d UMC  |d MYG  |d DLC  |d MYG  |d OCL  |d MYG  |d DLC  |d MYG  |d WAU  |d OCLCQ  |d OCLCF  |d YDXCP  |d OCLCQ  |d CKK  |d OCLCO  |d OCLCA  |d GILDS  |d OCLCO  |d OCLCA  |d WaSeSS 
042 |a pcc 
050 0 0 |a RA407.5.O4  |b H43 
060 0 0 |a W2 M  |b H43 
245 0 0 |a Health at a glance  |h [electronic resource]. 
260 |a Paris :  |b Organisation for Economic Co-operation and Development,  |c ©2001- 
310 |a Biennial 
362 0 |a [2001]- 
490 1 |a 2001: Health 
500 |a "OECD indicators." 
500 |a Data extracted from OECD health data. 
506 |a License restrictions may limit access. 
580 |a Published also in a French ed. 
588 |a Latest issue consulted: 2005. 
650 0 |a Health status indicators  |z OECD countries  |v Periodicals. 
650 0 |a Medical care  |x Utilization  |z OECD countries  |v Periodicals. 
650 0 |a Medical policy  |z OECD countries  |v Statistics  |v Periodicals. 
650 0 |a Medical care, Cost of  |z OECD countries  |v Periodicals. 
650 1 2 |a Health Status Indicators. 
650 2 2 |a Health Services  |x utilization. 
650 2 2 |a Health Expenditures  |x statistics & numerical data. 
650 7 |a Health status indicators.  |2 fast  |0 (OCoLC)fst00953343 
650 7 |a Medical care, Cost of.  |2 fast  |0 (OCoLC)fst01013902 
650 7 |a Medical care  |x Utilization.  |2 fast  |0 (OCoLC)fst01013881 
650 7 |a Medical policy.  |2 fast  |0 (OCoLC)fst01014505 
651 7 |a OECD countries.  |2 fast  |0 (OCoLC)fst01277092 
655 0 |a Electronic journals. 
710 2 |a Organisation for Economic Co-operation and Development. 
730 0 |a OECD health data. 
775 1 |t Panorama de la santé  |w (OCoLC)49213461 
830 0 |a Health (Organisation for Economic Co-operation and Development) 
850 |a DLC 
853 2 0 |8 1  |a (year)  |w g 
856 4 0 |z Full text available from Research Library: 01/01/2011 to 12/31/2015  |u https://search.proquest.com/publication/2026424 
856 4 0 |z Full text available from Research Library: 01/01/2017 to 12/31/2017  |u https://search.proquest.com/publication/2026424 
856 4 0 |z Full text available from Research Library: 01/01/2019 to 6 months ago  |u https://search.proquest.com/publication/2026424 
863 4 1 |8 1.1  |a 2001